Изменение состава и свойств спиртобензольного экстракта в процессе термобрикетирования торфа; Химия твердого топлива; № 1

Detalles Bibliográficos
Parent link:Химия твердого топлива: научно-технический журнал/ Российская академия наук (РАН).— , 1968-.— 0023-1177
№ 1.— 1975.— С. 94-103
Autor principal: Маслов С. Г. Станислав Григорьевич
Otros Autores: Смольянинов С. И. Станислав Иванович
Lenguaje:ruso
Publicado: 1975
Materias:
Formato: Capítulo de libro
KOHA link:https://koha.lib.tpu.ru/cgi-bin/koha/opac-detail.pl?biblionumber=467276

MARC

LEADER 00000naa2a2200000 4500
001 467276
005 20231101090734.0
035 |a (RuTPU)RU\TPU\prd\131922 
035 |a RU\TPU\tpu\15258 
090 |a 467276 
100 |a 20120209a1975 k y0rusy50 ca 
101 0 |a rus 
102 |a RU 
200 1 |a Изменение состава и свойств спиртобензольного экстракта в процессе термобрикетирования торфа  |f С. Г. Маслов, С. И. Смольянинов 
320 |a Библиогр.: 10 назв. 
461 0 |0 (RuTPU)RU\TPU\prd\427  |x 0023-1177  |t Химия твердого топлива  |o научно-технический журнал  |f Российская академия наук (РАН)  |d 1968- 
463 0 |0 (RuTPU)RU\TPU\prd\131921  |t № 1  |v С. 94-103  |d 1975 
610 1 |a труды учёных ТПУ 
610 1 |a спиртобензольные экстракты 
610 1 |a торф 
700 1 |a Маслов  |b С. Г.  |c специалист в области химической технологии топлива  |c доцент Томского политехнического университета, кандидат технических наук  |f 1939-  |g Станислав Григорьевич  |2 stltpush  |3 (RuTPU)RU\TPU\pers\26203 
701 1 |a Смольянинов  |b С. И.  |c российский химик-технолог  |c профессор Томского политехнического университета  |f 1925-1991  |g Станислав Иванович  |2 stltpush  |3 (RuTPU)RU\TPU\pers\15849 
801 1 |a RU  |b 63413507  |c 20081114  |g PSBO 
801 2 |a RU  |b 63413507  |c 20120209  |g PSBO 
942 |c BK